| 000 | 00733nam a22002172 4500 | ||
|---|---|---|---|
| 001 | 0000011780 | ||
| 005 | 20151217155847.0 | ||
| 008 | 090108s xx 000 0 eng d | ||
| 040 |
_aKABU _cKABU |
||
| 100 | 1 |
_aOldham, J. H. _@0000167787 |
|
| 245 | 1 | 0 |
_aWhite and black in Africa : _ba critical examination of the Rhodes lectures of General Smuts / _cby J. H. Oldham. |
| 250 | _a1st ed. | ||
| 260 |
_aLondon : _bLongmans, _c1930. |
||
| 300 | _avi, 74 p. | ||
| 600 | 1 | 0 |
_aSmuts, Jan Christian, _d1870-1950. _@0000167788 |
| 650 | 0 |
_aIndigenous peoples _zAfrica. _@0000167789 |
|
| 651 | 0 |
_aAfrica _xRace relations. _@0000167790 |
|
| 852 | 1 | _9p100 KES | |
| 908 | _a090108 | ||
| 950 | _@1 | ||
| 999 |
_c13390 _d13390 |
||